| 000 | 01056nam a2200229I 4500 | ||
|---|---|---|---|
| 001 | instantsewing00newy | ||
| 003 | CaSfIA | ||
| 005 | 20210118103102.0 | ||
| 007 | cr|||| | ||
| 008 | 780220s1968 nyu 000 0 eng d | ||
| 040 |
_aTLM _cTLM _dCaSfIA |
||
| 035 | _a(OCoLC)3654772 | ||
| 092 | _a646.4 | ||
| 245 | 0 | 0 |
_aInstant sewing, _h[electronic resource] _ccreated by the team of the foremost experts on home sewing. |
| 260 |
_a[New York] _bGraphic enterprises _c[1968] |
||
| 300 | _a117 p. | ||
| 856 | 4 | 1 |
_uhttp://www.archive.org/details/instantsewing00newy _zFree eBook from the Internet Archive |
| 856 | 4 | 2 |
_uhttp://www.openlibrary.org/books/OL24210816M _zAdditional information and access via Open Library |
| 942 | _cEB | ||
| 506 | _fНеобхідна авторизація на https://archive.org/ (створення облікового запису безкоштовно) | ||
| 506 | _fНеобхідна авторизація на https://openlibrary.org/ (створення облікового запису безкоштовно) | ||
| 999 |
_c511857 _d511857 |
||